00209nam a2200073Ia 4500008004100000050002100041100002100062245005200083230915s9999 xx 000 0 und d aSB 111 .C63 1976 acobley leslie s. 3aAN INTRODUCTION TO THE BOTANY OF TROPICAL CROPS